000 00273nam a2200133Ia 4500
082 _a150
_bP07
100 _aCICCARELLI , SAUNDRA K
245 _aPSYCHOLOGY
250 _a1ST
260 _bPERSON
_aDELHI
_c2007
300 _a1-
650 _aPSYCHOLOGY
942 _2ddc
_cBK
_03
999 _c1576
_d1576